01926nam a22001697a 4500999001900000008004100019100002400060245007700084260002700161300003000188520122700218650016101445773002701606906001101633942000701644952010501651 c520415d520415220913b ||||| |||| 00| 0 eng d aKazim, Rafia934034 aRe-reading Do Haath as an intersectional text: Ismat chughtai and dalits aSociological Bulletin  a71(1), Jan, 2022: p.62-79 aEven though scholars and feminists have accused intersectional theory for being superficial, inadequate, context bereft and fashionably more populist than academic, its applicability in addressing multi-layered forms of discrimination cannot be ignored. It is against this background that the article, through a deconstructive reading of an Urdu short story, Do Haath, highlights the challenges of the protagonist, the Dalit household, comprised primarily of women. Besides discussing the intersectional subjects of the story, this article questions the deliberate omissions of the multiply disadvantageous people such as the Dalit-Muslim women, also known as the Pasmanda women from feminist, Dalit and subaltern discourses. Furthermore, this article foregrounds intersectionality framework to understand the multiplicative nature of oppression and discrimination that Pasmanda women are subjected to, and how by excluding them from their respective agenda, feminist and Dalit activists have contributed towards their perpetual marginality. Finally, the article suggests that intersectionality framework should be used to understand moments of celebratory resilience in the lives of intersectional subjects.- Reproduced  aIntersectionality, Dalit, Muslims, Women, Honor, Agency, Pasmandas, Ashraf patriarchy, Dalit, sensibilities, Celebratory resilience, Ismat chughrai. 932896 aSociological Bulletin  aDALITS cAR 00102ddc40709394477aIIPAbIIPAd2022-09-13h71(1), Jan, 2022: p.62-79pAR127001r2022-09-13yAR